Plánovanie peňažných tokov z prevádzkovej činnosti účtovnej jednotky diplomová práca

Gespeichert in:
Bibliographische Detailangaben
1. Verfasser: Žišková, Linda
Körperschaft: Fakulta hospodárskej informatiky EU. Katedra účtovníctva a audítorstva
Weitere Verfasser: Sklenka, Miloš
Format: Buch
Sprache:Slowakisch
Veröffentlicht: Bratislava 2013
Tags: Tag hinzufügen
Keine Tags, Fügen Sie das erste Tag hinzu!

MARC

LEADER 00000nbm a2200000 4500
001 0182523
005 20170201102853.1
041 0 |a slo 
044 |a SK 
245 1 0 |a Plánovanie peňažných tokov z prevádzkovej činnosti účtovnej jednotky  |b diplomová práca  |c Linda Žišková ; školiteľ: Miloš Sklenka 
264 1 |a Bratislava  |c 2013 
300 |a 60 s. 
100 1 |a Žišková, Linda 
700 1 |a Sklenka, Miloš 
710 2 |a Fakulta hospodárskej informatiky EU. Katedra účtovníctva a audítorstva